01017cam a22002894a 4500999001700000001000900017003000400026005001700030008004100047010001700088020002200105040001800127042000800145050002200153082001800175100001900193245013000212250001200342260005400354300003200408500002000440650002300460650004000483906004500523942003400568952012500602 c24993d2499312408926OSt20170130143814.0010515s2001 ilua 001 0 eng  a 2001002902 a0793146003 (pbk.) aDLCcDLCdDLC apcc00aHD30.28b.P5 200100a658.4/0122211 aPinson, Linda.10aAnatomy of a business plan :ba step-by-step guide to building a business and securing your company's future /cLinda Pinson. a5th ed. aChicago, IL :bDearborn Trade Publishing,cc2001. ax, 278 p. :bill. ;c28 cm. aIncludes index. 0aBusiness planning. 0aNew business enterprisesxPlanning. a7bcbccorignewd1eecipf20gy-gencatlg 2lcccBOOKShHD 30.28 .P5 2001 00102lcc4070aMUCbMUCcTECHd2017-01-30eDonation(B.F.A)l0oHD 30.28 .P5 2001p28633r2018-07-27w2017-01-30yBOOKS